Several Complex Variables VII : sheaf-Theoretical Methods in Complex Analysis

Αποθηκεύτηκε σε:
Λεπτομέρειες βιβλιογραφικής εγγραφής
Άλλοι συγγραφείς: Grauert, Hans 1930- (Επιμελητής έκδοσης), Peternell, Th. (Thomas), 1954- (Επιμελητής έκδοσης), Remmert, Reinhold (Επιμελητής έκδοσης)
Μορφή: Βιβλίο
Γλώσσα:English
Δημοσίευση: Berlin : Springer-Verlag, c1994.
Σειρά:Encyclopaedia of mathematical sciences ; 74
Θέματα:
Ετικέτες: Προσθήκη ετικέτας
Δεν υπάρχουν, Καταχωρήστε ετικέτα πρώτοι!

MARC

LEADER 00000cam a2200000 i 4500
001 1/31449
008 960726s1994####gw | ||| |||| ||eng||
020 |a 3540562591 
035 |a 1995  |l 10038832 
040 |a GR-MyUA  |b gre  |e AACR2 
041 0 |a eng 
082 0 |a 515.94  
245 1 0 |a Several Complex Variables VII :   |b sheaf-Theoretical Methods in Complex Analysis /   |c H.Grauert, Th. Peternell, R. Remmert (Eds.).  
246 3 3 |a Several Complex Variables 7 
246 3 3 |a Several Complex Variables Seventh 
260 |a Berlin :   |b Springer-Verlag,   |c c1994.  
300 |a 369 σ. ;   |c 24 εκ.  
490 1 |a (Encyclopaedia of mathematical sciences   |v ; 74)  
504 |a Περιέχει βιβλιογραφικές αναφορές και ευρετήριο.  
650 0 0 |a Functions of several complex variables. 
650 0 0 |a Sheaf theory. 
700 1 |a Grauert, Hans  |d 1930-  |e edt 
700 1 |a Peternell, Th.   |q (Thomas),   |d 1954-  |e edt 
700 1 |a Remmert, Reinhold,  |e edt 
830 0 |a Encyclopaedia of mathematical sciences ;  |v  74 
852 |a INST  |b SAMOS  |e 19960726  |h 515.94 SEV  |p 005300005252  |q 005300005252  |t BK  |y 0 
909 |a Σ  |b 039327